| 000 -LEADER |
| fixed length control field |
00305nam a22000977a 4500 |
| 082 ## - DEWEY DECIMAL CLASSIFICATION NUMBER |
| Classification number |
TNC |
| 100 ## - MAIN ENTRY--PERSONAL NAME |
| Personal name |
Menon, Gopinath (ed.) |
| 9 (RLIN) |
23658 |
| 245 ## - TITLE STATEMENT |
| Title |
Results and prospects of soviet - Indian economic cooperation |
| Statement of responsibility, etc |
edited by Gopinath Menon |
| 260 ## - PUBLICATION, DISTRIBUTION, ETC. (IMPRINT) |
| Place of publication, distribution, etc |
New Delhi |
| Name of publisher, distributor, etc |
Information Department |
| Date of publication, distribution, etc |
1986 |
| 300 ## - PHYSICAL DESCRIPTION |
| Extent |
131p. |